Организационно-технологическая документация ГПНТБ СО РАН: Основные документы, регламентирующие обслуживание читателей и абонентов; Путь требований на литературу в ГПНТБ СО РАН; Работа с отказами; Положение о централизации МБА в сети библиотек ННЦ СО РАН; Положение о системе длительного пользования литературой из фондов ГПНТБ СО РАН; Правила пользования МБА при централизованном обслуживании библиотек НИУ ННЦ СО РАН; Путь запроса и издания при централизованном МБА; Правила пользования индивидуальным абонементом ГПНТБ СО РАН; Правила пользования ночным абонементом; Инструкция по постановке на очередь и выполнению запросов читателей и абонентов ГПНТБ СО РАН; Рабочая инструкция для дежурного на диспетчерском пульте
| Körperschaft: | |
|---|---|
| Weitere Verfasser: | |
| Zusammenfassung: | 18 приложений |
| Sprache: | Russisch |
| Veröffentlicht: |
Новосибирск, ГПНТБ СО РАН, 1998
|
| TOC: | Путь требований на литературу в ГПНТБ СО РАН; Работа с отказами; Положение о централизации МБА в сети библиотек ННЦ СО РАН; Положение о системе длительного пользования литературой из фондов ГПНТБ СО РАН; Правила пользования МБА при централизованном обслуживании библиотек НИУ ННЦ СО РАН; Путь запроса и издания при централизованном МБА; Правила пользования индивидуальным абонементом ГПНТБ СО РАН; Правила пользования ночным абонементом; Инструкция по постановке на очередь и выполнению запросов читателей и абонентов ГПНТБ СО РАН; Рабочая инструкция для дежурного на диспетчерском пульте; |
| Schlagworte: | |
| Format: | MixedMaterials Buch |
| KOHA link: | https://koha.lib.tpu.ru/cgi-bin/koha/opac-detail.pl?biblionumber=105880 |
MARC
| LEADER | 00000nam0a2200000 4500 | ||
|---|---|---|---|
| 001 | 105880 | ||
| 005 | 20231031114704.0 | ||
| 035 | |a (RuTPU)RU\TPU\book\114252 | ||
| 035 | |a RU\TPU\prd\47793 | ||
| 090 | |a 105880 | ||
| 100 | |a 20061123d1998 m y0rusy50 ca | ||
| 101 | 0 | |a rus | |
| 102 | |a RU | ||
| 105 | |a a z 001zy | ||
| 200 | 1 | |a Организационно-технологическая документация ГПНТБ СО РАН |e Основные документы, регламентирующие обслуживание читателей и абонентов |f ГПНТБ СО РАН; под ред. Е. М. Крючковой | |
| 210 | |a Новосибирск |c ГПНТБ СО РАН |d 1998 | ||
| 215 | |a 90 c. | ||
| 300 | |a 18 приложений | ||
| 464 | |t Путь требований на литературу в ГПНТБ СО РАН | ||
| 464 | |t Работа с отказами | ||
| 464 | |t Положение о централизации МБА в сети библиотек ННЦ СО РАН | ||
| 464 | |t Положение о системе длительного пользования литературой из фондов ГПНТБ СО РАН | ||
| 464 | |t Правила пользования МБА при централизованном обслуживании библиотек НИУ ННЦ СО РАН | ||
| 464 | |t Путь запроса и издания при централизованном МБА | ||
| 464 | |t Правила пользования индивидуальным абонементом ГПНТБ СО РАН | ||
| 464 | |t Правила пользования ночным абонементом | ||
| 464 | |t Инструкция по постановке на очередь и выполнению запросов читателей и абонентов ГПНТБ СО РАН | ||
| 464 | |t Рабочая инструкция для дежурного на диспетчерском пульте | ||
| 610 | 1 | |a организационно-технологическая документация | |
| 610 | 1 | |a документы | |
| 610 | 1 | |a обслуживание | |
| 610 | 1 | |a читатели | |
| 610 | 1 | |a абоненты | |
| 610 | 1 | |a регламентирующие документы | |
| 686 | |a Ч735 |v LBC/SL-A |2 rubbk | ||
| 686 | |a Ч737 |v LBC/SL-A |2 rubbk | ||
| 702 | 1 | |a Крючкова |b Е. М. |4 340 | |
| 712 | 0 | 2 | |a Российская академия наук (РАН) |b Сибирское отделение (СО) |b Государственная публичная научно-техническая библиотека (ГПНТБ) |c (Новосибирск) |2 stltpush |3 (RuTPU)RU\TPU\col\25 |
| 801 | 1 | |a RU |b 63413507 |c 20061123 |g PSBO | |
| 801 | 2 | |a RU |b 63413507 |c 20120705 |g PSBO | |
| 942 | |c BK | ||